The Intel Microprocessors Architecture, Programming and Interfacing (Record no. 2378)
[ view plain ]
| 000 -LEADER | |
|---|---|
| fixed length control field | 00334nam a2200121Ia 4500 |
| 008 - FIXED-LENGTH DATA ELEMENTS--GENERAL INFORMATION | |
| fixed length control field | 190802s9999 xx 000 0 und d |
| 020 ## - INTERNATIONAL STANDARD BOOK NUMBER | |
| International Standard Book Number | 978-81-317-2622-8 |
| 100 ## - MAIN ENTRY--PERSONAL NAME | |
| Personal name | Barry B.Brey |
| 245 #4 - TITLE STATEMENT | |
| Title | The Intel Microprocessors Architecture, Programming and Interfacing |
| 260 ## - PUBLICATION, DISTRIBUTION, ETC. (IMPRINT) | |
| Place of publication, distribution, etc | USA |
| Name of publisher, distributor, etc | Crc Press |
| Date of publication, distribution, etc | 2013 |
| 300 ## - PHYSICAL DESCRIPTION | |
| Extent | 926:p |
| 942 ## - ADDED ENTRY ELEMENTS (KOHA) | |
| Koha item type | Books |
| Withdrawn status | Lost status | Source of classification or shelving scheme | Damaged status | Not for loan | Collection code | Permanent Location | Current Location | Shelving location | Date acquired | Total Checkouts | Full call number | Barcode | Date last seen | Date checked out | Price effective from | Koha item type |
|---|---|---|---|---|---|---|---|---|---|---|---|---|---|---|---|---|
| | | | | Not For Loan | Computer Science | Computing and Engineering Library Block-D | Computing and Engineering Library Block-D | Shelf No.A33 | 2019-12-28 | 1 | 4.165 | 9001 | 2019-12-02 | 2019-11-30 | 2019-08-03 | Computer Science |